La velada del Pardo seguida de Memoria Democrática (Franco y Azaña) y de Cartas Azaña-Franco (1933) / (Record no. 195698)

MARC details
000 -LEADER
campo de control de longitud fija 02039nam a2200337 i 4500
001 - NÚMERO DE CONTROL
campo de control 195698
003 - IDENTIFICADOR DE NÚMERO DE CONTROL
campo de control ES-MaACL
005 - FECHA Y HORA DE LA ÚLTIMA TRANSACCIÓN
campo de control 20250713063730.0
008 - DATOS DE LONGITUD FIJA--INFORMACIÓN GENERAL
campo de control de longitud fija 240709s2024 sp ||||| |||| 00| 0 spa d
017 ## - NÚMERO DE COPYRIGHT O DE DEPÓSITO LEGAL
Número de copyright o de depósito legal M 5694-2024
Agencia que asigna Oficina Depósito Legal Madrid
020 ## - NÚMERO INTERNACIONAL ESTÁNDAR DEL LIBRO
Número Internacional Estándar del Libro 9788412690750
040 ## - FUENTE DE CATALOGACIÓN
Centro catalogador/agencia de origen ES-MaACL
Centro/agencia transcriptor ES-MaACL
100 0# - ENTRADA PRINCIPAL--NOMBRE DE PERSONA
9 (RLIN) 76467
Nombre de persona Marco, José María
Término indicativo de función/relación Autor
245 ## - MENCIÓN DEL TÍTULO
Título La velada del Pardo seguida de Memoria Democrática (Franco y Azaña) y de Cartas Azaña-Franco (1933) /
Mención de responsabilidad, etc. José María Marco.
260 ## - PUBLICACIÓN, DISTRIBUCIÓN, ETC.
Lugar de publicación, distribución, etc. [Madrid] :
Nombre del editor, distribuidor, etc. Ediciones Monóculo,
Fecha de publicación, distribución, etc. 2024.
300 ## - DESCRIPCIÓN FÍSICA
Extensión 334 páginas ;
Dimensiones 21 cm
336 ## - TIPO DE CONTENIDO
Fuente rdacontent
Término de tipo de contenido texto
337 ## - TIPO DE MEDIO
Fuente rdamedia
Nombre/término del tipo de medio sin mediación
338 ## - TIPO DE SOPORTE
Fuente rdacarrier
Nombre/término del tipo de soporte volumen
500 ## - NOTA GENERAL
Nota general Manuel Azaña fue ministro de la Guerra entre 1931 y 1933; Franco era entonces uno de los militares más prestigiosos del país. Se conocieron y también se respetaron. Conversaron en cuatro ocasiones y ninguno de los dos dejó nunca de tener en cuenta la posición del otro. Azaña pensaba que Franco era, de los oficiales del Ejército, «el único peligroso». Y Franco, que sabía del «sectarismo» de Azaña, reconocía también su inteligencia. Ahora, mucho después de haber sido ambos jefes de Estado de un país en guerra civil, ambos personajes vuelven a encontrarse en El Pardo para dialogar sobre lo divino y lo humano: las ilusiones frustradas, la política, España y la guerra.
600 14 - PUNTO DE ACCESO ADICIONAL DE MATERIA--NOMBRE DE PERSONA
9 (RLIN) 24223
Nombre de persona Azaña, Manuel,
Fechas asociadas al nombre 1880-1940
600 14 - PUNTO DE ACCESO ADICIONAL DE MATERIA--NOMBRE DE PERSONA
9 (RLIN) 52240
Nombre de persona Franco Bahamonde, Francisco,
Fechas asociadas al nombre 1892-1975
651 #7 - PUNTO DE ACCESO ADICIONAL DE MATERIA--NOMBRE GEOGRÁFICO
9 (RLIN) 138832
Nombre geográfico España-
Subdivisión general Historia-
Subdivisión cronológica S.XX
852 ## - LOCALIZACIÓN
Ubicación ES-MaACL
Ubicación en estantería Depósito J
Número de control de estantería N-10092
Donativo/Legado Donación: José María Marco
Encuadernación Encuadernación rústica con solapas
itemnumber 206220
903 ## - NOMBRE PERSONAL DE DONANTE
9 76467
a Marco, José María
e Donante
942 ## - ELEMENTOS DE ENTRADA SECUNDARIOS (KOHA)
Suprimir en OPAC No
Tipo de ítem Koha Libro impreso
Holdings
Estatus retirado Estado de pérdida Fuente del sistema de clasificación o colocación Estado de daño No para préstamo Colección Biblioteca de origen Biblioteca actual Ubicación en estantería Fecha de adquisición Fuente de adquisición Total de préstamos Signatura topográfica completa Código de barras Visto por última vez Precio de reemplazo Tipo de ítem Koha
    Clasificación decimal universal     Libros con dedicatorias Biblioteca del Ateneo de Madrid Biblioteca del Ateneo de Madrid Depósito J 11/07/2025 Donación   N-10092 2025-0611 11/07/2025 11/07/2025 Libro impreso